<?xml version="1.0" encoding="UTF-8"?>
<record
    xmlns:xsi="http://www.w3.org/2001/XMLSchema-instance"
    xsi:schemaLocation="http://www.loc.gov/MARC21/slim http://www.loc.gov/standards/marcxml/schema/MARC21slim.xsd"
    xmlns="http://www.loc.gov/MARC21/slim">

  <leader>     nam a22     7a 4500</leader>
  <datafield tag="999" ind1=" " ind2=" ">
    <subfield code="c">56567</subfield>
    <subfield code="d">56567</subfield>
  </datafield>
  <controlfield tag="003">OSt</controlfield>
  <controlfield tag="005">20230515065451.0</controlfield>
  <controlfield tag="008">230515b        xxu||||| |||| 00| 0 eng d</controlfield>
  <datafield tag="040" ind1=" " ind2=" ">
    <subfield code="c">IIMTU , MEERUT</subfield>
  </datafield>
  <datafield tag="100" ind1=" " ind2=" ">
    <subfield code="a">SHARMA , NITIN</subfield>
  </datafield>
  <datafield tag="245" ind1=" " ind2=" ">
    <subfield code="a">AGADA TANTRA (AYURVEDIYA VISHA VIJNANA)</subfield>
  </datafield>
  <datafield tag="250" ind1=" " ind2=" ">
    <subfield code="a">REPRINT</subfield>
  </datafield>
  <datafield tag="260" ind1=" " ind2=" ">
    <subfield code="a">VARANASI</subfield>
    <subfield code="b">CHAUKHAMBA</subfield>
    <subfield code="c">2022</subfield>
  </datafield>
  <datafield tag="300" ind1=" " ind2=" ">
    <subfield code="a">252</subfield>
  </datafield>
  <datafield tag="942" ind1=" " ind2=" ">
    <subfield code="2">ddc</subfield>
    <subfield code="c">01</subfield>
    <subfield code="e">REPRINT</subfield>
  </datafield>
  <datafield tag="952" ind1=" " ind2=" ">
    <subfield code="0">0</subfield>
    <subfield code="1">0</subfield>
    <subfield code="2">ddc</subfield>
    <subfield code="4">0</subfield>
    <subfield code="7">0</subfield>
    <subfield code="a">30</subfield>
    <subfield code="b">30</subfield>
    <subfield code="d">2023-05-04</subfield>
    <subfield code="e">CHAUKHAMBA</subfield>
    <subfield code="g">225.00</subfield>
    <subfield code="i">CP/B/145</subfield>
    <subfield code="l">7</subfield>
    <subfield code="o">612.5 SHA</subfield>
    <subfield code="p">30-B-5512</subfield>
    <subfield code="r">2026-04-02</subfield>
    <subfield code="s">2025-10-27</subfield>
    <subfield code="v">225.00</subfield>
    <subfield code="w">2023-05-15</subfield>
    <subfield code="y">01</subfield>
  </datafield>
  <datafield tag="952" ind1=" " ind2=" ">
    <subfield code="0">0</subfield>
    <subfield code="1">0</subfield>
    <subfield code="2">ddc</subfield>
    <subfield code="4">0</subfield>
    <subfield code="7">0</subfield>
    <subfield code="a">30</subfield>
    <subfield code="b">30</subfield>
    <subfield code="d">2023-05-04</subfield>
    <subfield code="e">CHAUKHAMBA</subfield>
    <subfield code="g">225.00</subfield>
    <subfield code="i">CP/B/145</subfield>
    <subfield code="l">0</subfield>
    <subfield code="o">612.5 SHA</subfield>
    <subfield code="p">30-B-5513</subfield>
    <subfield code="r">2025-12-16</subfield>
    <subfield code="v">225.00</subfield>
    <subfield code="w">2023-05-15</subfield>
    <subfield code="y">01</subfield>
  </datafield>
  <datafield tag="952" ind1=" " ind2=" ">
    <subfield code="0">0</subfield>
    <subfield code="1">0</subfield>
    <subfield code="2">ddc</subfield>
    <subfield code="4">0</subfield>
    <subfield code="7">0</subfield>
    <subfield code="a">30</subfield>
    <subfield code="b">30</subfield>
    <subfield code="d">2023-05-04</subfield>
    <subfield code="e">CHAUKHAMBA</subfield>
    <subfield code="g">225.00</subfield>
    <subfield code="i">CP/B/145</subfield>
    <subfield code="l">0</subfield>
    <subfield code="o">612.5 SHA</subfield>
    <subfield code="p">30-B-5514</subfield>
    <subfield code="r">2023-05-15</subfield>
    <subfield code="v">225.00</subfield>
    <subfield code="w">2023-05-15</subfield>
    <subfield code="y">01</subfield>
  </datafield>
  <datafield tag="952" ind1=" " ind2=" ">
    <subfield code="0">0</subfield>
    <subfield code="1">0</subfield>
    <subfield code="2">ddc</subfield>
    <subfield code="4">0</subfield>
    <subfield code="7">0</subfield>
    <subfield code="a">30</subfield>
    <subfield code="b">30</subfield>
    <subfield code="d">2023-05-04</subfield>
    <subfield code="e">CHAUKHAMBA</subfield>
    <subfield code="g">225.00</subfield>
    <subfield code="i">CP/B/145</subfield>
    <subfield code="l">1</subfield>
    <subfield code="o">612.5 SHA</subfield>
    <subfield code="p">30-B-5515</subfield>
    <subfield code="r">2024-08-21</subfield>
    <subfield code="s">2023-11-17</subfield>
    <subfield code="v">225.00</subfield>
    <subfield code="w">2023-05-15</subfield>
    <subfield code="y">01</subfield>
  </datafield>
  <datafield tag="952" ind1=" " ind2=" ">
    <subfield code="0">0</subfield>
    <subfield code="1">0</subfield>
    <subfield code="2">ddc</subfield>
    <subfield code="4">0</subfield>
    <subfield code="7">0</subfield>
    <subfield code="a">30</subfield>
    <subfield code="b">30</subfield>
    <subfield code="d">2023-05-04</subfield>
    <subfield code="e">CHAUKHAMBA</subfield>
    <subfield code="g">225.00</subfield>
    <subfield code="i">CP/B/145</subfield>
    <subfield code="l">0</subfield>
    <subfield code="o">612.5 SHA</subfield>
    <subfield code="p">30-B-5516</subfield>
    <subfield code="r">2023-05-15</subfield>
    <subfield code="v">225.00</subfield>
    <subfield code="w">2023-05-15</subfield>
    <subfield code="y">01</subfield>
  </datafield>
  <datafield tag="952" ind1=" " ind2=" ">
    <subfield code="0">0</subfield>
    <subfield code="1">0</subfield>
    <subfield code="2">ddc</subfield>
    <subfield code="4">0</subfield>
    <subfield code="7">0</subfield>
    <subfield code="a">30</subfield>
    <subfield code="b">30</subfield>
    <subfield code="d">2023-05-04</subfield>
    <subfield code="e">CHAUKHAMBA</subfield>
    <subfield code="g">225.00</subfield>
    <subfield code="i">CP/B/145</subfield>
    <subfield code="l">0</subfield>
    <subfield code="o">612.5 SHA</subfield>
    <subfield code="p">30-B-5517</subfield>
    <subfield code="r">2023-05-15</subfield>
    <subfield code="v">225.00</subfield>
    <subfield code="w">2023-05-15</subfield>
    <subfield code="y">01</subfield>
  </datafield>
  <datafield tag="952" ind1=" " ind2=" ">
    <subfield code="0">0</subfield>
    <subfield code="1">0</subfield>
    <subfield code="2">ddc</subfield>
    <subfield code="4">0</subfield>
    <subfield code="7">0</subfield>
    <subfield code="a">30</subfield>
    <subfield code="b">30</subfield>
    <subfield code="d">2023-05-04</subfield>
    <subfield code="e">CHAUKHAMBA</subfield>
    <subfield code="g">225.00</subfield>
    <subfield code="i">CP/B/145</subfield>
    <subfield code="l">7</subfield>
    <subfield code="o">612.5 SHA</subfield>
    <subfield code="p">30-B-5518</subfield>
    <subfield code="r">2025-03-01</subfield>
    <subfield code="s">2025-03-01</subfield>
    <subfield code="v">225.00</subfield>
    <subfield code="w">2023-05-15</subfield>
    <subfield code="y">01</subfield>
  </datafield>
  <datafield tag="952" ind1=" " ind2=" ">
    <subfield code="0">0</subfield>
    <subfield code="1">0</subfield>
    <subfield code="2">ddc</subfield>
    <subfield code="4">0</subfield>
    <subfield code="7">0</subfield>
    <subfield code="a">30</subfield>
    <subfield code="b">30</subfield>
    <subfield code="d">2023-05-04</subfield>
    <subfield code="e">CHAUKHAMBA</subfield>
    <subfield code="g">225.00</subfield>
    <subfield code="i">CP/B/145</subfield>
    <subfield code="l">4</subfield>
    <subfield code="o">612.5 SHA</subfield>
    <subfield code="p">30-B-5519</subfield>
    <subfield code="r">2025-02-17</subfield>
    <subfield code="s">2025-02-08</subfield>
    <subfield code="v">225.00</subfield>
    <subfield code="w">2023-05-15</subfield>
    <subfield code="y">01</subfield>
  </datafield>
  <datafield tag="952" ind1=" " ind2=" ">
    <subfield code="0">0</subfield>
    <subfield code="1">0</subfield>
    <subfield code="2">ddc</subfield>
    <subfield code="4">0</subfield>
    <subfield code="7">0</subfield>
    <subfield code="a">30</subfield>
    <subfield code="b">30</subfield>
    <subfield code="d">2023-05-04</subfield>
    <subfield code="e">CHAUKHAMBA</subfield>
    <subfield code="g">225.00</subfield>
    <subfield code="i">CP/B/145</subfield>
    <subfield code="l">2</subfield>
    <subfield code="o">612.5 SHA</subfield>
    <subfield code="p">30-B-5520</subfield>
    <subfield code="r">2025-03-26</subfield>
    <subfield code="s">2025-03-26</subfield>
    <subfield code="v">225.00</subfield>
    <subfield code="w">2023-05-15</subfield>
    <subfield code="y">01</subfield>
  </datafield>
  <datafield tag="952" ind1=" " ind2=" ">
    <subfield code="0">0</subfield>
    <subfield code="1">0</subfield>
    <subfield code="2">ddc</subfield>
    <subfield code="4">0</subfield>
    <subfield code="7">0</subfield>
    <subfield code="a">30</subfield>
    <subfield code="b">30</subfield>
    <subfield code="d">2023-05-04</subfield>
    <subfield code="e">CHAUKHAMBA</subfield>
    <subfield code="g">225.00</subfield>
    <subfield code="i">CP/B/145</subfield>
    <subfield code="l">0</subfield>
    <subfield code="o">612.5 SHA</subfield>
    <subfield code="p">30-B-5521</subfield>
    <subfield code="r">2023-05-15</subfield>
    <subfield code="v">225.00</subfield>
    <subfield code="w">2023-05-15</subfield>
    <subfield code="y">01</subfield>
  </datafield>
</record>
